Paises con más casos de cáncer en menores de 15 - Estadísticas

Estadísticas generales
  • Esta prueba ha sido intentada 23 veces
  • La puntuación promedio es 5 de 10
Estadísticas de respuestas
Continente Casos por cada 100k niños País % Correcto
América del Norte 17,88 Estados Unidos
100%
América del Norte 17,43 Canadá
95%
Oceanía 20,45 Australia
91%
América del Sur 18,44 Perú
73%
América del Norte 20,61 Honduras
45%
Asia 17,33 Turquía
32%
África 17,74 Angola
23%
África 21,01 Malaui
23%
Europa 19,11 Portugal
18%
Asia 19,98 Singapur
18%
No se encontraron pruebas coincidentes
Distribución de puntuación
Porcentaje de gente con cada puntuación
Porcentaje por número respondido
Historial de tus puntuaciones
No has intentado esta prueba.